000 00916cam a2200301 a 4500
001 000020093
003 DO-SdBPM
005 20250604111253.0
007 000020093
008 790517s2000 sp 000 d spa d
020 _a8481301671
040 _a DO-SdBPM
_bspa
_cBPMSU
082 4 _a832.62
_bG599f 1999
_222
100 1 _aGoethe, Johann Wolfgang Von,
_d1749-1832
240 0 _aFaust.
_lEspañol
245 1 0 _aFausto /
_cJohann W. Goethe ; traducción de Pedro Gálvez.
260 _aMadrid :
_b Milleniun,
_c1999
300 _a478 p. ;
_c21 cm.
490 _aJoyas del milenio,
_v6
534 _aTítulo original: Faust
_cBarcelona : Bibliotex, 2000.
590 _aInventariado, 2025/VM
650 4 _aTeatro alemán
650 4 _aLiteratura alemana
700 1 _aGálvez, Pedro,
_etraductor
700 1 _aTrías, Eugenio
_eprólogo
910 _aVMateo V. Control de calidad. BPMSU
942 _2ddc
_cBK
999 _c7507
_d7507